书目信息 |
| 题名: |
大官杨栽培技术
|
|
| 作者: | ;河南农学院园林试验站 编 | |
| 分册: | ||
| 出版信息: | [郑州] 河南农学院林业试验站 1973 |
|
| 页数: | 33页 | |
| 开本: | 19cm | |
| 丛书名: | ||
| 单 册: | ||
| 中图分类: | S792.119.05 | |
| 科图分类: | ||
| 主题词: | 大官杨--栽培 | |
| 电子资源: | ||
| ISBN: | 16144.1623 | |
| 000 | 00695nam0 2200229 450 | |
| 001 | 0109265953 | |
| 005 | 20100713021606.0 | |
| 010 | @a16144.1623@dCNY0.14 | |
| 091 | @a16144.1623@d¥0.14 | |
| 100 | @a19980306d1973 em y0chiy0110 ea | |
| 101 | 0 | @achi |
| 102 | @aCN@b110000 | |
| 105 | @ay z 000yy | |
| 106 | @ar | |
| 200 | 1 | @a大官杨栽培技术@9Da;Dai Guan Yang Zai Pei Ji Shu;Zhu @f河南农学院园林试验站编 |
| 210 | @a[郑州]@c河南农学院林业试验站@d1973 | |
| 215 | @a33页@d19cm | |
| 606 | 0 | @a大官杨@x栽培 |
| 690 | @aS792.119.05@v3 | |
| 711 | 02 | @a河南农学院园林试验站@9he na nong xue yuan yuan lin shi yan zhan@4编 |
| 801 | 0 | @aCN@b91MARC@c20130904 |
| 905 | @aBZT@dS792.11@e6@f3@sS792.11/6 | |
| 大官杨栽培技术/河南农学院园林试验站编.-[郑州]:河南农学院林业试验站,1973 |
| 33页;19cm |
| ISBN 16144.1623:CNY0.14 |
| ● |
| 相关链接 |
|
|
|
正题名:大官杨栽培技术
索取号:S792.11/6
 
预约/预借
| 序号 | 登录号 | 条形码 | 馆藏地/架位号 | 状态 | 备注 |
| 1 | 2000082787 | 2000082787 | 旧书回溯/ [索取号:S792.11/6] | 在馆 | |
| 2 | 2000131786 | 2000131786 | 旧书回溯/ [索取号:S792.11/6] | 在馆 | |
| 3 | 2000131787 | 2000131787 | 旧书回溯/ [索取号:S792.11/6] | 在馆 |